000 00581nam a2200181 4500
001 1900
005 20181127164207.0
008 080528s2008 nyu 000 0 eng
010 _a 2008929906
020 _a9783540208792 (softcover : alk. paper)
100 1 _aDalen, Dirk van.
245 1 0 _aLogic and structure /
_cDirk van Dalen.
260 _aNew York :
_bSpringer,
_c2008.
300 _ax, 263 p. ;
_b
_c24 cm.
_e
490 _aUniversitext.
_v
_x
504 _aIncludes bibliographical references (p. [257]-258) and index.
650 _aLogic, Symbolic and mathematical.
_v
_x
_y
_z
_2
999 _c1461
_d1461